000 00841nam a2200217Ia 4500
008 0000001998 ht a 0000000000spa00
090 _aPUS00 C32m
100 1 _aChenet, Burton
_d1958
245 1 0 _aUn monde a partager
_c/ Burton Chenet ; commissariat Gérald Alexis ; photos Marc Steed
300 _a52 p.
_c/ 23 cm.
500 _aTexto bilingue : francés e inglés \ Con el patronazgo del maestro venezolano Jesús Rafael Soto (q.e.p.d.)
600 0 0 _a CHENET, BURTON, 1958/
_xTRABAJOS PICTORICOS
650 1 4 _a PINTURA ESTADOUNIDENSE
650 1 4 _aARTE CONTEMPORANEO ESTADOUNIDENSE
650 1 4 _xCATALOGOS
650 1 4 _xEXPOSICIONES
650 1 4 _aEXPRESIONISMO (ARTE)
650 1 4 _aPINTORES ESTADOUNIDENSES
700 1 _aAleXis, Gérald \ Steed, Marc
999 _c785
_d785
260 _aPortauPrince : Bibliothèque Nationale
_c1998